The 2nd International Conference on Computer Science and Service System (CSSS 2012) : Proceedings. Volume 2,3,6. August 11-13, 2012, Nanjing, China
Guardado en:
| Formato: | Libro |
|---|---|
| Lenguaje: | inglés |
| Publicado: |
IEEE,
2012
|
| Etiquetas: |
Sin Etiquetas, Sea el primero en etiquetar este registro!
|
MARC
| LEADER | 00000nam a22000003a 4500 | ||
|---|---|---|---|
| 001 | stu255324 | ||
| 005 | 20141123163944.3 | ||
| 008 | 121008s2012------------------------eng-d | ||
| 020 | |a 978-1-4673-0719-2 | ||
| 040 | |a STU |b slo | ||
| 041 | 0 | |a eng | |
| 245 | |a The 2nd International Conference on Computer Science and Service System (CSSS 2012) : |b Proceedings. Volume 2,3,6. August 11-13, 2012, Nanjing, China | ||
| 260 | |b IEEE, |c 2012 | ||
| 300 | |a Vol. 2 : |b 700-1400 s., Vol. 3 | ||
| 996 | |b 284M081495 |c M*Z-4009 |l MMKN |s A |a 24 |w stu255324_0001 | ||
| 996 | |b 284M081497 |c M*Z-4008 |l MMKN |s A |a 24 |w stu255324_0002 | ||
| 996 | |b 284M081496 |c M*Z-4007 |l MMKN |s A |a 24 |w stu255324_0003 | ||